[Event "Amber Blindfold"]
[Site "Monaco MNC"]
[Date "2003.03.22"]
[Round "7"]
[White "Ljubojevic, Ljubomir"]
[Black "Topalov, Veselin"]
[Result "0-1"]
[WhiteElo "2570"]
[BlackElo "2743"]
[EventDate "2003.03.15"]

1.d4 Cf6 2.c4 e6 3.Cc3 c5 4.d5 exd5 5.cxd5 d6 6.e4 g6 7.h3 Fg7 8.Cf3 O-O 
9.Fd3 a6 10.a4 Te8 11.O-O Ch5 12.Fg5 Ff6 13.Fe3 Cd7 14.g4 Cg7 15.g5 Fe7 
16.Fe2 f6 17.gxf6 Fxf6 18.Cd2 Fd4 19.Cc4 Ce5 20.Fxd4 cxd4 21.Dxd4 Dg5+ 22.
Rh2 Df4+ 23.Rg2 Dg5+ 24.Rh2 Df4+ 25.Rg2 Cxc4 26.Dxc4 Te5 27.Th1 Fd7 28.Th2
Ch5 29.Fxh5 Txh5 30.Dd3 Tf8 31.Tf1 Fg4 32.f3 Fxf3+ 33.Txf3 Tg5+ 34.Rh1 
Dxf3+ 0-1

[Event "Amber Blindfold"]
[Site "Monaco MNC"]
[Date "2003.03.23"]
[Round "8"]
[White "Topalov, Veselin"]
[Black "Gelfand, Boris"]
[Result "1/2-1/2"]
[WhiteElo "2743"]
[BlackElo "2700"]
[EventDate "2003.03.15"]

1.e4 e5 2.Cf3 Cf6 3.Cxe5 d6 4.Cf3 Cxe4 5.d4 d5 6.Fd3 Cc6 7.O-O Fe7 8.c4 
Cb4 9.Fe2 O-O 10.Cc3 Ff5 11.a3 Cxc3 12.bxc3 Cc6 13.Te1 Te8 14.Ff4 dxc4 15.
Fxc4 Fd6 16.Txe8+ Dxe8 17.Cg5 Fg6 18.Fxd6 cxd6 19.h4 De7 20.Dg4 h6 21.Ch3 
De4 22.Dg3 Tc8 23.Ff1 Ce7 24.Dxd6 Cf5 25.Db4 Cxh4 26.d5 Ff5 27.Dxe4 Fxe4 
28.c4 Cf5 29.f3 Fc2 30.Tc1 Fa4 31.Rf2 b6 32.Fd3 Cd6 33.Re3 Fb3 34.Rd4 Cb5+
35.Re3 Cd6 36.Rd4 Cb5+ 37.Re3 Cd6 1/2-1/2

[Event "Amber Rapid"]
[Site "Monaco MNC"]
[Date "2003.03.18"]
[Round "4"]
[White "Topalov, Veselin"]
[Black "Almasi, Zoltan"]
[Result "1-0"]
[WhiteElo "2743"]
[BlackElo "2676"]
[EventDate "2003.03.15"]

1.e4 e5 2.Cf3 Cc6 3.Fb5 a6 4.Fa4 Cf6 5.O-O Fe7 6.Te1 b5 7.Fb3 d6 8.c3 O-O 
9.h3 Fb7 10.d4 Te8 11.Cbd2 Ff8 12.a4 h6 13.Fc2 exd4 14.cxd4 Cb4 15.Fb1 c5 
16.d5 Cd7 17.Ta3 c4 18.axb5 axb5 19.Cd4 Ce5 20.Txa8 Dxa8 21.Cxb5 Da1 22.
Ca3 Fa6 23.Cc2 Cxc2 24.Fxc2 Tc8 25.Cb1 g6 26.Fd2 Dxb2 27.Fc3 Db6 28.Fd4 
Da5 29.Cc3 Fg7 30.Dd2 Cd3 31.Fxg7 Rxg7 32.Tb1 Tc7 33.h4 h5 34.g3 Dc5 35.
Ta1 Fc8 36.Cd1 Ce5 37.De3 Dxe3 38.Cxe3 c3 39.f4 Cf3+ 40.Rf2 Cd4 41.Ta4 
Cxc2 42.Cxc2 Fd7 43.Ta5 Tc4 44.Re3 f5 45.e5 dxe5 46.Ta7 exf4+ 47.gxf4 Te4+
48.Rd3 Te7 49.Rxc3 Tf7 50.Rd4 g5 51.fxg5 f4 52.Ce1 Fc8 53.Txf7+ Rxf7 54.
Cd3 1-0

[Event "Amber Rapid"]
[Site "Monaco MNC"]
[Date "2003.03.20"]
[Round "5"]
[White "Leko, Peter"]
[Black "Topalov, Veselin"]
[Result "1/2-1/2"]
[WhiteElo "2736"]
[BlackElo "2743"]
[EventDate "2003.03.15"]

1.e4 c5 2.Cf3 Cc6 3.d4 cxd4 4.Cxd4 Cf6 5.Cc3 e5 6.Cdb5 d6 7.Fg5 a6 8.Ca3 
b5 9.Fxf6 gxf6 10.Cd5 f5 11.Fd3 Fe6 12.O-O Fxd5 13.exd5 Ce7 14.c4 e4 15.
Fe2 Fg7 16.Tb1 O-O 17.cxb5 axb5 18.Fxb5 Fxb2 19.Cc4 Fg7 20.a4 Dc7 21.Dd2 
Txa4 22.Fxa4 Dxc4 23.Fc6 Dd4 24.Dg5 Df6 25.Dxf6 Fxf6 26.Tb7 Td8 27.Tfb1 
Rg7 28.g3 Cg6 29.Fd7 Ce7 30.Fc6 Cg6 31.Tb8 Txb8 32.Txb8 Fd4 33.Tb7 Fc5 34.
Rg2 f4 35.f3 exf3+ 36.Rxf3 fxg3 37.hxg3 Ce5+ 38.Rf4 Rf6 39.Fd7 Cg6+ 40.Re4
Ce5 41.Fh3 Ff2 42.Rf4 Cg6+ 43.Rf3 Fc5 44.Re4 Ff2 45.Tb3 Ce5 46.Rf4 h5 47.
Ff5 h4 48.gxh4 Fxh4 49.Tb7 1/2-1/2

[Event "Amber Rapid"]
[Site "Monaco MNC"]
[Date "2003.03.21"]
[Round "6"]
[White "Van Wely, Loek"]
[Black "Topalov, Veselin"]
[Result "1/2-1/2"]
[WhiteElo "2668"]
[BlackElo "2743"]
[EventDate "2003.03.15"]

1.d4 Cf6 2.c4 e6 3.Cc3 Fb4 4.e3 O-O 5.Fd3 c5 6.Ce2 d5 7.a3 cxd4 8.exd4 
dxc4 9.Fxc4 Fe7 10.Cf4 Cc6 11.Fe3 Fd6 12.Ch5 Cxh5 13.Dxh5 Da5 14.Dxa5 Cxa5
15.Fa2 b6 16.b4 Cc6 17.d5 Ce7 18.dxe6 Fxe6 19.Fxe6 fxe6 20.Re2 Fe5 21.Tac1
Tfc8 22.Cb5 a6 23.Cd4 Rf7 24.Cf3 Fb2 25.Cg5+ Rg6 26.Txc8 Txc8 27.Cxe6 Cd5 
28.Cf4+ Cxf4+ 29.Fxf4 Tc2+ 30.Fd2 Fc3 31.Td1 Ta2 32.Rd3 Ff6 33.Re4 Txa3 
34.f4 a5 35.f5+ Rh5 36.bxa5 bxa5 37.h3 a4 38.Ff4 Ta1 39.Td7 a3 40.Ta7 a2 
41.Fe3 h6 42.Ff2 Rg5 43.Fe3+ Rh4 44.Ff2+ Rg5 1/2-1/2

[Event "Amber Rapid"]
[Site "Monaco MNC"]
[Date "2003.03.22"]
[Round "7"]
[White "Topalov, Veselin"]
[Black "Ljubojevic, Ljubomir"]
[Result "1-0"]
[WhiteElo "2743"]
[BlackElo "2570"]
[EventDate "2003.03.15"]

1.e4 c5 2.Cf3 e6 3.d4 cxd4 4.Cxd4 Cc6 5.Cc3 Dc7 6.Fe3 a6 7.Dd2 Ce5 8.O-O-O
Cf6 9.f4 Cc4 10.Fxc4 Dxc4 11.e5 Cd5 12.Cxd5 Dxd5 13.Rb1 b5 14.Df2 Fb7 15.
Cf3 Dc6 16.Td3 b4 17.Thd1 Fc8 18.f5 Fe7 19.f6 gxf6 20.exf6 Fxf6 21.Cg5 
Fxg5 22.Fxg5 f5 23.Dd4 Tf8 24.Dg7 Tf7 25.Dg8+ Tf8 26.Dxh7 Tf7 27.Dg8+ Tf8 
28.Dg6+ Tf7 29.Td6 De4 30.Txe6+ Dxe6 31.Dxe6+ dxe6 32.Td8# 1-0

[Event "Amber Rapid"]
[Site "Monaco MNC"]
[Date "2003.03.23"]
[Round "8"]
[White "Gelfand, Boris"]
[Black "Topalov, Veselin"]
[Result "1/2-1/2"]
[WhiteElo "2700"]
[BlackElo "2743"]
[EventDate "2003.03.15"]

1.Cf3 c5 2.c4 Cc6 3.d4 cxd4 4.Cxd4 Cf6 5.g3 Db6 6.Cb3 e6 7.Fg2 Ce5 8.Dc2 
Da6 9.c5 d5 10.cxd6 Fxd6 11.Cc3 Fd7 12.Fg5 Tc8 13.Fxf6 gxf6 14.O-O Fc6 15.
Fxc6+ Dxc6 16.Cd4 Da6 17.Tfd1 O-O 18.Dc1 Cg6 19.De3 Tfd8 20.Cdb5 Fb8 21.
Td4 Fe5 22.Ta4 Db6 23.Dxb6 axb6 24.f4 Fxc3 25.Cxc3 Ce7 26.Rf2 Cd5 27.Td1 
1/2-1/2

[Event "Amber Blindfold"]
[Site "Monaco MNC"]
[Date "2003.03.25"]
[Round "9"]
[White "Ivanchuk, Vassily"]
[Black "Topalov, Veselin"]
[Result "0-1"]
[WhiteElo "2699"]
[BlackElo "2743"]
[EventDate "2003.03.15"]

1.e4 c5 2.Cf3 Cc6 3.Fb5 d6 4.O-O Fd7 5.Te1 Cf6 6.c3 a6 7.Fxc6 Fxc6 8.d4 
Fxe4 9.Fg5 Fd5 10.c4 Fxf3 11.Dxf3 cxd4 12.Dxb7 Dc8 13.Df3 e5 14.Cd2 Cd7 
15.Cb3 f6 16.Fd2 Fe7 17.De2 Cb6 18.Tac1 Ta7 19.f4 O-O 20.c5 dxc5 21.fxe5 
fxe5 22.Dxe5 Df5 23.Cxc5 Df2+ 24.Rh1 Dxd2 25.De6+ Rh8 26.Dxb6 Fxc5 27.Dxc5
Taf7 28.h3 Dxb2 29.Tcd1 Dxa2 30.Dxd4 Db3 31.Dd5 Tf1+ 32.Txf1 Txf1+ 33.Rh2 
Db8+ 34.Dd6 Tf8 35.Dxb8 Txb8 36.Ta1 Ta8 37.Ta5 Rg8 38.Rg3 Rf7 39.Rf4 Re6 
40.Re4 Rd6 41.h4 Ta7 42.g4 Rc6 43.Rd4 Rb6 44.Tg5 a5 45.Rc3 a4 46.Rb2 Rc6 
47.Th5 g6 48.Tg5 Tb7+ 49.Ra3 Tb5 0-1

[Event "Amber Blindfold"]
[Site "Monaco MNC"]
[Date "2003.03.26"]
[Round "10"]
[White "Topalov, Veselin"]
[Black "Morozevich, Alexander"]
[Result "0-1"]
[WhiteElo "2743"]
[BlackElo "2678"]
[EventDate "2003.03.15"]

1.e4 e5 2.Cf3 Cc6 3.Fb5 a6 4.Fa4 Cf6 5.O-O Fe7 6.Te1 d6 7.c3 Fg4 8.h3 Fh5 
9.Fxc6+ bxc6 10.d4 Cd7 11.g4 Fg6 12.Da4 h5 13.Dxc6 hxg4 14.hxg4 Rf8 15.
Cbd2 Tb8 16.Cf1 Tb6 17.Dc4 exd4 18.Dxd4 Ff6 19.De3 Ce5 20.C3h2 d5 21.g5 
Cc4 22.Dg3 Fe5 23.f4 Fd6 24.b3 Fc5+ 25.Rg2 Fxe4+ 26.Txe4 dxe4 27.bxc4 Dd1 
28.Dg4 Dc2+ 29.Fd2 Te6 30.Df5 Fe3 31.Tc1 Dxa2 32.Td1 Dxc4 33.Fxe3 De2+ 34.
Ff2 Dxd1 35.Dc5+ Dd6 36.Da7 Rg8 37.Fe3 Te8 38.Db7 Dd3 39.Dc6 Te6 40.Dc5 
De2+ 41.Rg1 Tb6 42.Dxc7 Txh2 43.Dc8+ Rh7 44.Df5+ Tg6 45.Cxh2 Dxe3+ 46.Rg2 
f6 47.Cg4 Df3+ 48.Rg1 fxg5 49.Ce5 Dg3+ 0-1

[Event "Amber Blindfold"]
[Site "Monaco MNC"]
[Date "2003.03.27"]
[Round "11"]
[White "Anand, Viswanathan"]
[Black "Topalov, Veselin"]
[Result "1-0"]
[WhiteElo "2753"]
[BlackElo "2743"]
[EventDate "2003.03.15"]

1.e4 c5 2.Cf3 Cc6 3.d4 cxd4 4.Cxd4 Cf6 5.Cc3 e5 6.Cdb5 d6 7.Cd5 Cxd5 8.
exd5 Cb8 9.c4 Fe7 10.Fd3 O-O 11.O-O Fd7 12.a4 f5 13.c5 Fxb5 14.axb5 e4 15.
c6 Cd7 16.Fe2 Ce5 17.f4 exf3 18.gxf3 Ff6 19.Rh1 b6 20.Ta2 Dc7 21.f4 Cg6 
22.b3 Ce7 23.Fc4 Tae8 24.Te1 Cc8 25.Tae2 Txe2 26.Txe2 Df7 27.Te6 Te8 28.
De2 Rf8 29.Fa3 Txe6 30.dxe6 De7 31.Fd5 g6 32.Dc2 Dc7 33.Fb2 Dg7 34.Fxf6 
Dxf6 35.c7 Dd4 36.Fb7 Dxf4 37.Dc4 Df2 38.Fxc8 De1+ 39.Rg2 Dd2+ 40.Rf3 d5 
41.Df4 Dc3+ 42.Rg2 Dc2+ 43.Rh3 1-0

[Event "Amber Rapid"]
[Site "Monaco MNC"]
[Date "2003.03.25"]
[Round "9"]
[White "Topalov, Veselin"]
[Black "Ivanchuk, Vassily"]
[Result "1-0"]
[WhiteElo "2743"]
[BlackElo "2699"]
[EventDate "2003.03.15"]

1.e4 c5 2.Cf3 e6 3.d4 cxd4 4.Cxd4 a6 5.Fd3 Db6 6.c3 d6 7.Fe3 Dc7 8.c4 Cf6 
9.Cc3 Fe7 10.Tc1 O-O 11.O-O Te8 12.f4 Ff8 13.Df3 Cc6 14.Rh1 Cd7 15.Cxc6 
bxc6 16.e5 Fb7 17.Ce4 c5 18.Dh3 g6 19.Cg5 h6 20.Cxf7 Rxf7 21.Dg3 Re7 22.
Fxg6 Rd8 23.Tcd1 Dc6 24.Fxe8 Rxe8 25.f5 exf5 26.e6 Ce5 27.Txf5 De4 28.Tdf1
Re7 29.h3 Cxc4 30.Fc1 Tb8 31.Dg8 Dxg2+ 32.Dxg2 Fxg2+ 33.Rxg2 Ce5 34.b3 a5 
35.Fa3 Tc8 36.h4 h5 37.Tf6 a4 38.bxa4 Fg7 39.Tf7+ Cxf7 40.Txf7+ Rxe6 41.
Txg7 Ta8 42.Tg6+ Rd7 43.Fc1 Txa4 44.Fg5 Txa2+ 45.Rf3 Ta1 46.Th6 c4 47.Ff4 
Td1 48.Re2 Td5 49.Fd2 Rc6 50.Fb4 Rb5 51.Fxd6 c3 52.Ff4 c2 53.Th8 Rc4 54.
Tc8+ Rb3 55.Fg5 Td1 56.Rf3 Te1 57.Rf2 Te4 58.Rg3 Rb2 59.Ff6+ Rb1 60.Tb8+ 
Rc1 61.Rf3 Rd1 62.Td8+ Re1 63.Tc8 Te2 64.Fg5 Rd1 65.Td8+ Re1 66.Ta8 Tf2+ 
67.Re4 Tf8 68.Txf8 1-0

[Event "Amber Rapid"]
[Site "Monaco MNC"]
[Date "2003.03.26"]
[Round "10"]
[White "Morozevich, Alexander"]
[Black "Topalov, Veselin"]
[Result "0-1"]
[WhiteElo "2678"]
[BlackElo "2743"]
[EventDate "2003.03.15"]

1.e4 c6 2.d4 d5 3.e5 Ff5 4.g4 Fg6 5.Ch3 e6 6.Cf4 Fe4 7.f3 Dh4+ 8.Re2 Fg6 
9.Fe3 Cd7 10.c3 Dd8 11.h4 Fxb1 12.Txb1 c5 13.Rf2 cxd4 14.cxd4 Ce7 15.Db3 
Tb8 16.Da4 a6 17.Tc1 Cc6 18.g5 Fe7 19.Fd3 Cb6 20.Dd1 Cb4 21.Ch5 Rf8 22.Cf6
h5 23.Tg1 Cxa2 24.Tc2 Cb4 25.Te2 g6 26.Fb1 Cc4 27.Fc1 Cc6 28.f4 Tc8 29.b3 
Ca3 30.Fe3 Cb5 31.Td2 Fb4 32.Td3 Rg7 33.Df3 Ce7 34.Tdd1 Tc3 35.f5 exf5 36.
Fd3 Cc7 37.Fe2 Ce6 38.Td3 Txd3 39.Fxd3 Fc3 40.Td1 Cxd4 41.Dg3 Ce6 42.Fc4 
Dc7 43.Fxd5 Fxe5 44.Df3 Cxd5 45.Txd5 Fxf6 46.gxf6+ Rxf6 47.Fd2 Tc8 48.Rf1 
Rg7 49.De3 Dc6 50.De5+ Rg8 51.Fh6 f4 52.b4 Dc1+ 0-1

[Event "Amber Rapid"]
[Site "Monaco MNC"]
[Date "2003.03.27"]
[Round "11"]
[White "Topalov, Veselin"]
[Black "Anand, Viswanathan"]
[Result "1/2-1/2"]
[WhiteElo "2743"]
[BlackElo "2753"]
[EventDate "2003.03.15"]

1.e4 e5 2.Cf3 Cc6 3.Fb5 Cf6 4.d3 Fc5 5.Fxc6 dxc6 6.Fe3 Fxe3 7.fxe3 De7 8.
Cbd2 O-O 9.De2 Cd7 10.O-O a5 11.d4 c5 12.c3 b6 13.Df2 Fa6 14.Tfe1 Tae8 15.
Dg3 Rh8 16.Tad1 g6 17.h3 1/2-1/2

[Event "16. Ciudad"]
[Site "Leon ESP"]
[Date "2003.06.06"]
[Round "1.1"]
[White "Karjakin, Sergey"]
[Black "Topalov, Veselin"]
[Result "0-1"]
[WhiteElo "2556"]
[BlackElo "2735"]
[EventDate "2003.06.06"]

1.e4 e5 2.Cf3 Cf6 3.Cxe5 d6 4.Cf3 Cxe4 5.d4 d5 6.Fd3 Cc6 7.O-O Fe7 8.c4 
Cb4 9.Fe2 O-O 10.Cc3 Ff5 11.a3 Cxc3 12.bxc3 Cc6 13.Te1 Te8 14.Ff4 dxc4 15.
Fxc4 Fd6 16.Txe8+ Dxe8 17.Cg5 Fg6 18.Fxd6 cxd6 19.Dg4 h6 20.Cf3 De4 21.Dg3
Dc2 22.Ch4 Fe4 23.Te1 d5 24.Ff1 Dd2 25.Te3 Tc8 26.h3 Dc1 27.Dg4 Td8 28.a4 
Ce7 29.c4 Cg6 30.cxd5 Fxd5 31.Cxg6 fxg6 32.Dxg6 Ff7 33.De4 Da1 34.Te1 Dxd4
35.Dxb7 Tf8 36.De4 Dxe4 37.Txe4 Te8 38.f3 Txe4 39.fxe4 Fg6 40.Fc4+ Rf8 41.
e5 Ff7 42.e6 Fe8 43.a5 Re7 44.Rf2 Rd6 45.Re3 Fc6 46.g3 g5 47.Rd4 Fb7 48.h4
gxh4 49.gxh4 Fc6 50.Fd5 Fxd5 51.e7 Fc6 0-1

[Event "16. Ciudad"]
[Site "Leon ESP"]
[Date "2003.06.06"]
[Round "1.2"]
[White "Topalov, Veselin"]
[Black "Karjakin, Sergey"]
[Result "1-0"]
[WhiteElo "2735"]
[BlackElo "2556"]
[EventDate "2003.06.06"]

1.c4 c5 2.Cf3 Cc6 3.d4 cxd4 4.Cxd4 Cf6 5.g3 Db6 6.Cb5 a6 7.C5c3 g6 8.Fg2 
d6 9.O-O Fg7 10.b3 O-O 11.Fb2 Da5 12.Cd2 Dh5 13.e4 Dxd1 14.Tfxd1 Cd7 15.
Tab1 Cc5 16.Cd5 Fe6 17.Fxg7 Rxg7 18.Cf1 b5 19.b4 Cd7 20.Cfe3 bxc4 21.Cxc4 
Tab8 22.a3 Tfc8 23.Cce3 Cb6 24.Ff1 Fxd5 25.exd5 Ce5 26.Tbc1 Txc1 27.Txc1 
Ta8 28.Tc7 Rf8 29.Tb7 Ca4 30.Rg2 Re8 31.f4 Cd7 32.Tc7 Rd8 33.Tc2 a5 34.b5 
Cab6 35.Rf2 Cc5 36.Rf3 Rc7 37.g4 e6 38.dxe6 fxe6 39.Fg2 Tf8 40.Rg3 Rd7 41.
h4 Tg8 42.Ff3 Tg7 43.g5 Tf7 44.h5 Re7 45.hxg6 hxg6 46.Cc4 Cxc4 47.Txc4 Rd7
48.Tc2 Th7 49.Fc6+ Rc7 50.Fe8 Tg7 51.Th2 Tg8 52.Th7+ Rb6 53.Ff7 Tb8 54.
Fxg6 Rxb5 55.Ff7 Ra4 56.g6 Ce4+ 57.Rf3 Cf6 58.Fxe6 d5 59.Tf7 Tb3+ 60.Re2 
Ce4 61.g7 Tg3 62.Fxd5 Cc3+ 63.Rf2 Txg7 64.Txg7 Cxd5 65.Rf3 Rxa3 66.Tg5 
Cxf4 67.Rxf4 a4 68.Re3 Rb2 69.Rd2 a3 70.Tb5+ Ra1 71.Rc3 Ra2 72.Tb3 1-0

[Event "16. Ciudad"]
[Site "Leon ESP"]
[Date "2003.06.06"]
[Round "1.3"]
[White "Karjakin, Sergey"]
[Black "Topalov, Veselin"]
[Result "1-0"]
[WhiteElo "2556"]
[BlackElo "2735"]
[EventDate "2003.06.06"]

1.e4 e5 2.Cf3 Cf6 3.Cxe5 d6 4.Cf3 Cxe4 5.d4 d5 6.Fd3 Cc6 7.O-O Fe7 8.c4 
Cb4 9.Fe2 O-O 10.Cc3 Ff5 11.a3 Cxc3 12.bxc3 Cc6 13.Te1 Te8 14.Ff4 dxc4 15.
Fxc4 Fd6 16.Txe8+ Dxe8 17.Cg5 Fg6 18.Fxd6 cxd6 19.Dg4 h6 20.Cf3 De4 21.Dg3
Dc2 22.Ch4 Fe4 23.Te1 d5 24.Ff1 Db2 25.a4 Td8 26.h3 Da3 27.Te3 Dd6 28.Dg4 
Df6 29.Cf3 Ce7 30.Cd2 Fg6 31.De2 Cc6 32.Cb3 b6 33.Cc1 Rf8 34.Cd3 Fe4 35.
Dg4 g6 36.Cf4 h5 37.Dg3 Ce7 38.Te1 Cf5 39.Dh2 Tc8 40.f3 Txc3 41.Ce2 Fd3 
42.Cxc3 Dxd4+ 43.Rh1 Dxc3 44.Td1 Fxf1 45.Txf1 h4 46.Db8+ Rg7 47.Td1 Ce3 
48.Tg1 Cf5 49.Tb1 Dc2 50.Te1 Df2 51.De5+ Rg8 52.Rh2 Cg3 53.Da1 d4 54.Dc1 
Rg7 55.Td1 a6 56.Dc4 Cf5 57.Dxa6 Ce3 58.Tg1 Dc2 59.Dxb6 Dxa4 60.Dd6 Dc4 
61.De5+ Rh7 62.Df4 Cf5 63.Te1 Dc2 64.Te8 Df2 65.De5 Dg3+ 66.Rg1 Dxe5 67.
Txe5 Rg7 68.Rf2 Rf6 69.Te4 Rg7 70.Re1 Rf6 71.Rd2 Rg7 72.Rd3 Rf6 73.Te8 Rg5
74.Te4 Rf6 75.f4 Rg7 76.Te5 f6 77.Ta5 Rf7 78.Re4 Re6 79.Ta6+ Re7 80.Rd5 
Ce3+ 81.Rxd4 Cxg2 82.Re4 g5 83.fxg5 fxg5 84.Rf5 Cf4 85.Ta3 1-0

[Event "16. Ciudad"]
[Site "Leon ESP"]
[Date "2003.06.06"]
[Round "1.4"]
[White "Topalov, Veselin"]
[Black "Karjakin, Sergey"]
[Result "1/2-1/2"]
[WhiteElo "2735"]
[BlackElo "2556"]
[EventDate "2003.06.06"]

1.c4 e5 2.Cc3 Cc6 3.Cf3 Cf6 4.g3 Cd4 5.Fg2 Cxf3+ 6.Fxf3 Fb4 7.Db3 De7 8.
O-O O-O 9.d3 c6 10.Fg5 Fxc3 11.Dxc3 d6 12.b4 h6 13.Fxf6 Dxf6 14.b5 c5 15.
Fg2 De7 16.e3 Fg4 17.f4 f5 18.Tae1 g5 19.e4 gxf4 20.gxf4 exf4 21.Txf4 Dg5 
22.Dd2 Tae8 23.Tef1 fxe4 24.Txf8+ Txf8 25.Dxg5+ hxg5 26.Fxe4 Txf1+ 27.Rxf1
b6 28.Rf2 Rg7 29.Re3 Fe6 30.Ff3 Rf6 31.Re4 Ff5+ 32.Re3 Re5 33.Fd5 Fd7 34.
Ff7 Fc8 35.Fd5 Fh3 36.a3 Fd7 37.Ff7 Fc8 38.Fd5 Fh3 39.Ff3 Fe6 40.Fe2 d5 
41.Ff1 Fg4 42.Fg2 Fe6 43.Ff1 Ff7 44.Fe2 Fe6 45.Ff1 Fg4 46.Fg2 d4+ 47.Rf2 
Ff5 48.Ff1 Rf4 49.Fe2 Fg6 50.Ff1 Fh7 51.Fe2 Ff5 52.Ff1 Fc8 53.Fg2 a6 54.
bxa6 Fxa6 55.Fc6 Fc8 56.Fe4 Fg4 57.Fh7 Fh5 58.Fe4 Fd1 59.Fh7 Rg4 60.Fe4 
Fb3 61.Fc6 Rf4 62.Ff3 Fa4 63.Fe4 Fd7 64.Fd5 Ff5 65.Re2 Rg4 66.Fg2 Rh4 67.
Rd2 Rg4 68.Re2 Rf4 69.Fc6 Re5 70.Ff3 Rd6 71.Rd2 Rc7 72.Fg2 Rb8 73.Fc6 Ra7 
74.Fe8 Ra6 75.Re2 Ra5 76.Fc6 Fg6 77.Fd7 Fh7 78.Fe8 Ff5 79.Fc6 Ra6 80.Fe8 
Rb7 81.Fb5 Rc7 82.Fe8 Rd6 83.Fh5 Re5 84.Ff3 Rf4 85.Fc6 Rg4 86.Fg2 Rh4 87.
Rd2 Fg4 88.Re1 Ff5 89.Rd2 Fh3 90.Fe4 g4 91.Re2 g3 92.hxg3+ Rxg3 93.Rd2 Rf4
94.Fc6 Re5 95.Fe8 Rd6 96.Fb5 Rc7 97.Re2 Fg4+ 98.Rd2 Fd7 99.Rc2 Fxb5 100.
cxb5 Rd6 101.a4 Rd5 102.Rd2 c4 103.dxc4+ Rxc4 104.a5 Rxb5 105.axb6 Rxb6 
106.Rd3 Rc5 107.Rd2 Rc4 108.Rc2 d3+ 109.Rd2 Rd4 110.Rd1 Re3 111.Re1 d2+ 
112.Rd1 Rd3 1/2-1/2

[Event "16. Ciudad"]
[Site "Leon ESP"]
[Date "2003.06.08"]
[Round "2.1"]
[White "Topalov, Veselin"]
[Black "Ponomariov, Ruslan"]
[Result "1/2-1/2"]
[WhiteElo "2735"]
[BlackElo "2718"]
[EventDate "2003.06.06"]

1.c4 e5 2.Cc3 Cf6 3.Cf3 Cc6 4.g3 d5 5.cxd5 Cxd5 6.Fg2 Cb6 7.O-O Fe7 8.a3 
O-O 9.b4 Fe6 10.Tb1 f6 11.d3 Cd4 12.Ce4 Cxf3+ 13.Fxf3 Fd5 14.Dc2 a5 15.Fe3
axb4 16.axb4 c6 17.b5 Ta2 18.Dc1 Ca4 19.bxc6 bxc6 20.Ta1 Txa1 21.Dxa1 Da5 
22.Fd2 Da8 23.Tb1 Cc5 24.Fb4 Dxa1 25.Txa1 Cb3 26.Fxe7 Cxa1 27.Fxf8 Rxf8 
28.Fg2 Cb3 29.Cc3 Fxg2 30.Rxg2 Re7 31.Rf1 Re6 32.Re1 1/2-1/2

[Event "16. Ciudad"]
[Site "Leon ESP"]
[Date "2003.06.08"]
[Round "2.2"]
[White "Ponomariov, Ruslan"]
[Black "Topalov, Veselin"]
[Result "1/2-1/2"]
[WhiteElo "2718"]
[BlackElo "2735"]
[EventDate "2003.06.06"]

1.e4 c5 2.Cf3 d6 3.d4 cxd4 4.Cxd4 Cf6 5.Cc3 Cc6 6.Fg5 e6 7.Dd2 a6 8.O-O-O 
Fd7 9.f3 Fe7 10.Rb1 Tc8 11.h4 h6 12.Fe3 h5 13.Cxc6 Fxc6 14.Ce2 d5 15.e5 
Cd7 16.f4 Fb5 17.g3 g6 18.Fg2 Fxe2 19.Dxe2 Dc7 20.Td3 Cc5 21.Tc3 Dd7 22.
Fxc5 Fxc5 23.Td1 b5 24.Ff1 Re7 25.Tcd3 Fb6 26.Dd2 Rf8 27.Tb3 Fc5 28.c4 
bxc4 29.Fxc4 Da7 30.Fe2 Rg7 31.Dd3 a5 32.Da6 Dxa6 33.Fxa6 Tb8 34.Fb7 Fb4 
35.Fc6 Thc8 36.Tc1 Tb6 37.Fa4 Txc1+ 38.Rxc1 Fc5 39.Tf3 Tb4 40.Fc2 a4 41.b3
axb3 42.axb3 Tb7 43.Rd1 Ta7 44.Re2 Fb4 45.Tf2 Tc7 46.Fd3 Tc3 47.Tf1 Txb3 
48.Tb1 Txb1 49.Fxb1 Rf8 50.Fc2 Re7 51.Fa4 d4 52.Fb5 Fa5 53.Fd3 Rd8 54.Fb5 
Fb4 55.Fd3 Rc7 56.Fb5 Rd8 57.Fd3 Fa5 58.Fb5 1/2-1/2

[Event "16. Ciudad"]
[Site "Leon ESP"]
[Date "2003.06.08"]
[Round "2.3"]
[White "Topalov, Veselin"]
[Black "Ponomariov, Ruslan"]
[Result "0-1"]
[WhiteElo "2735"]
[BlackElo "2718"]
[EventDate "2003.06.06"]

1.e4 e6 2.d4 d5 3.Cc3 Fb4 4.e5 c5 5.a3 Fxc3+ 6.bxc3 Ce7 7.Dg4 Da5 8.Fd2 
O-O 9.Fd3 Cbc6 10.Cf3 f5 11.exf6 Txf6 12.Dh5 Cf5 13.Ce5 c4 14.Fxf5 Txf5 
15.De8+ Tf8 16.Cxc6 bxc6 17.Dxc6 Tb8 18.O-O Tb2 19.Ff4 Dxc3 20.Fd6 Tb6 21.
Dc7 Tb7 22.Dc5 Te8 23.Dc6 Td8 24.Tab1 Txb1 25.Txb1 Dxc2 26.Tf1 Dg6 27.Dc7 
De8 28.Fe5 Dd7 29.Dc5 Db7 30.h3 Te8 31.Te1 Fd7 32.Da5 Tc8 33.Te3 Fe8 34.
Tg3 Fg6 35.h4 Db6 36.Da4 Db7 37.h5 Fe8 38.Dd1 g6 39.Dg4 Db1+ 40.Rh2 Df5 
41.Dh4 c3 42.Tg5 De4 43.Tg4 Df5 44.Tg5 De4 45.Dh3 Tc6 46.hxg6 Fxg6 47.Dh6 
Rf7 48.f3 De1 49.Txg6 Dxe5+ 50.dxe5 hxg6 51.Dh7+ Rf8 52.Dd7 Tc4 53.Dd8+ 
Rg7 54.Df6+ Rh7 55.Df7+ Rh6 56.Df8+ Rh7 57.De7+ Rh8 58.Df6+ 0-1

[Event "16. Ciudad"]
[Site "Leon ESP"]
[Date "2003.06.08"]
[Round "2.4"]
[White "Ponomariov, Ruslan"]
[Black "Topalov, Veselin"]
[Result "1/2-1/2"]
[WhiteElo "2718"]
[BlackElo "2735"]
[EventDate "2003.06.06"]

1.d4 Cf6 2.c4 c5 3.d5 g6 4.Cc3 Fg7 5.e4 d6 6.Cf3 O-O 7.Fe2 e6 8.O-O Ca6 9.
dxe6 Fxe6 10.Ff4 Da5 11.Te1 Tfe8 12.Ff1 Fg4 13.h3 Fxf3 14.Dxf3 Cb4 15.Tac1
Cd7 16.Fxd6 Cxa2 17.Ta1 Db6 18.Cb5 Cb4 19.Fc7 Dc6 20.Tad1 Cc2 21.Te2 a6 
22.Txc2 axb5 23.Ff4 b4 24.Td6 Dxe4 25.Dxe4 Txe4 26.Txd7 Txf4 27.g3 Td4 28.
Txb7 Td1 29.Rg2 Tb1 30.Fd3 Te8 31.Te2 Txe2 32.Tb8+ Ff8 33.Fxe2 Txb2 34.Ff3
Rg7 35.Fd5 f5 36.g4 Te2 37.Rf3 Te1 38.g5 Te7 39.h4 Tc7 40.Re2 Ta7 41.Rd3 
Tc7 1/2-1/2

[Event "Gp A"]
[Site "Cap d'Agde FRA"]
[Date "2003.10.24"]
[Round "1"]
[White "Azmaiparashvili, Zurab"]
[Black "Topalov, Veselin"]
[Result "0-1"]
[WhiteElo "2693"]
[BlackElo "2735"]
[EventDate "2003.10.24"]

1.d4 Cf6 2.c4 e6 3.Cf3 c5 4.d5 d6 5.Cc3 exd5 6.cxd5 g6 7.Da4+ Cbd7 8.Ff4 
a6 9.e4 Tb8 10.h3 b5 11.Dc2 De7 12.O-O-O Fg7 13.Te1 O-O 14.g4 Cb6 15.Fg2 
b4 16.Cd1 a5 17.Ce3 Cfd7 18.Fg5 f6 19.Ff4 Ce5 20.Cd2 Fa6 21.Ff1 c4 22.Fxe5
fxe5 23.Fxc4 Tbc8 24.Thf1 Fh6 25.b3 Cxc4 26.Cdxc4 Fxc4 27.bxc4 Da7 28.Rd2 
Dd4+ 29.Re2 Fxe3 30.fxe3 Txc4 31.Txf8+ Rxf8 32.Tf1+ Re7 33.Da4 Db2+ 34.Rf3
Dh2 35.Tf2 Dxh3+ 36.Re2 Dxg4+ 37.Rd2 Dh4 38.Tf1 Dxe4 0-1

[Event "Gp A"]
[Site "Cap d'Agde FRA"]
[Date "2003.10.24"]
[Round "2"]
[White "Topalov, Veselin"]
[Black "Adams, Michael"]
[Result "1-0"]
[WhiteElo "2735"]
[BlackElo "2725"]
[EventDate "2003.10.24"]

1.e4 e5 2.Cf3 Cc6 3.Fb5 a6 4.Fa4 Cf6 5.O-O Fe7 6.Te1 b5 7.Fb3 d6 8.c3 O-O 
9.h3 Ca5 10.Fc2 c5 11.d4 Cd7 12.Cbd2 exd4 13.cxd4 Cc6 14.d5 Cce5 15.a4 Fb7
16.Cxe5 Cxe5 17.f4 Cd7 18.Cf3 Te8 19.Fd2 Ff6 20.Ta2 g6 21.Rh2 Fg7 22.b3 
Dc7 23.Fd3 c4 24.bxc4 Cc5 25.Fc2 bxc4 26.Ta3 a5 27.Fc3 Fa6 28.Fxg7 Rxg7 
29.Cd4 Cd3 30.Fxd3 cxd3 31.Cc6 Rg8 32.Dd2 Tac8 33.Tb3 f5 34.exf5 Df7 35.
Te6 Fc4 36.Txd3 Fxd3 37.Dxd3 gxf5 38.Cd4 Tf8 39.Cb5 Tcd8 40.Cxd6 Dc7 41.
Dg3+ Dg7 42.De3 Rh8 43.Ce8 Db2 44.d6 Tg8 45.De5+ Dxe5 46.fxe5 Tgxe8 47.
Txe8+ Txe8 48.d7 1-0

[Event "Gp A"]
[Site "Cap d'Agde FRA"]
[Date "2003.10.25"]
[Round "3"]
[White "Kramnik, Vladimir"]
[Black "Topalov, Veselin"]
[Result "1-0"]
[WhiteElo "2777"]
[BlackElo "2735"]
[EventDate "2003.10.24"]

1.e4 c5 2.Cf3 d6 3.d4 cxd4 4.Cxd4 Cf6 5.Cc3 a6 6.Fe3 e5 7.Cf3 Fe7 8.Fc4 
O-O 9.O-O Fe6 10.Fb3 b5 11.De2 h6 12.a3 Cbd7 13.Ch4 Te8 14.Cf5 Ff8 15.Tfd1
Dc7 16.Df3 Rh7 17.Cd5 Fxd5 18.Fxd5 Cxd5 19.Txd5 Cf6 20.Td2 Te6 21.g4 Db7 
22.Cg3 Tc8 23.h4 g6 24.g5 Ce8 25.h5 Cg7 26.hxg6+ fxg6 27.gxh6 Ch5 28.Cxh5 
gxh5 29.Df5+ Tg6+ 30.Rh1 De7 31.f3 Df6 32.Dxh5 Tg3 33.Tf2 d5 34.Tg1 Txg1+ 
35.Rxg1 d4 36.Fg5 Dg6 37.Dxg6+ Rxg6 38.Tg2 Rh7 39.Ff6 Fd6 40.Fg7 a5 41.Rf1
a4 42.Re1 Tb8 43.Rd1 b4 44.axb4 Txb4 45.Rc1 Tb7 46.Tg5 a3 47.bxa3 Fxa3+ 
48.Rd2 Fb2 49.Txe5 d3 50.Tg5 dxc2 51.Rxc2 1-0

[Event "Gp A"]
[Site "Cap d'Agde FRA"]
[Date "2003.10.25"]
[Round "4"]
[White "Topalov, Veselin"]
[Black "Bacrot, Etienne"]
[Result "1/2-1/2"]
[WhiteElo "2735"]
[BlackElo "2664"]
[EventDate "2003.10.24"]

1.e4 e5 2.Cf3 d6 3.d4 exd4 4.Cxd4 Cf6 5.Cc3 Fe7 6.g3 d5 7.e5 Cg4 8.Ff4 g5 
9.h3 Cxf2 10.Rxf2 gxf4 11.Dh5 Fc5 12.Td1 fxg3+ 13.Rg2 Fxd4 14.Txd4 Fe6 15.
Ce4 Cd7 16.Fb5 dxe4 17.Fxd7+ Fxd7 18.Thd1 Tf8 19.e6 Df6 20.exd7+ Rd8 21.
De2 Df2+ 22.Dxf2 gxf2 23.Txe4 a5 24.Rxf2 1/2-1/2